Italian Monarchs Quiz - Statistics

General Stats
  • This quiz has been taken 58 times
  • The average score is 10 of 17
Answer Stats
# Name % Correct
? Charles
89%
? Victor Emmanuel
86%
? Napoleon
82%
? Charlemagne
80%
? Louis
77%
? Heinrich
75%
? Henry
75%
? Otto
66%
? Umberto
66%
? Frederick
59%
? Lothair
57%
? Carloman
50%
? Conrad
39%
? Pepin
39%
? Sigismund
34%
? Bernard
14%
? Arduin
7%
No matching quizzes found
Score Distribution
Percent of People with Each Score
Percentile by Number Answered
Your Score History
You have not taken this quiz